000 00727nam a22002057a 4500
999 _c10647
_d10647
003 AR-CdUCM
008 190401b ||||| |||| 00| 0 spa d
040 _aMUNICIPALIDAD PROVINCIAL DEL CUSCO
_cBIBLIOTECA MUNICIPAL DEL CUSCO
082 _a869.557 /
_bG69 B / 1935
100 _aGonzález Prada, Manuel,
_9638
245 _aBaladas peruanas /
260 _aSantiago de Chile :
_bErcilla,
_c1935.
300 _a154 paginas ;
_c20 cm.
505 _aContenido : Kon -- Tiahuanaco -- Origenes del rimac -- Origen de los incas -- Fundación del Cusco -- Zupay...
650 _aPoeta indigenista
_927614
650 _aFundación del Cusco
_927615
650 _aLiteratura Peruana
_9132
942 _2ddc
_cLIBROS
945 _awnts